000
00384nam a22001577a 4500
003
MPLRDC
005
20220104123521.0
008
210129b ||||| |||| 00| 0 eng d
082
_a
245.7 PMH
100
_a
朴呜呼
245
_a
这就是永生
_c
260
_a
_b
以利亚福音宣教院
_c
300
_b
平
650
_a
讲道; 传道--文书传道
942
_c
BK
_o
245.7 PMH
999
_c
12049
_d
12039